<?xml version="1.0" encoding="UTF-8"?><?xml-stylesheet type="text/xsl" href="static/style.xsl"?><OAI-PMH xmlns="http://www.openarchives.org/OAI/2.0/" xmlns:xsi="http://www.w3.org/2001/XMLSchema-instance" xsi:schemaLocation="http://www.openarchives.org/OAI/2.0/ http://www.openarchives.org/OAI/2.0/OAI-PMH.xsd"><responseDate>2026-04-13T01:45:38Z</responseDate><request verb="GetRecord" identifier="oai:www.recercat.cat:2072/482625" metadataPrefix="marc">https://recercat.cat/oai/request</request><GetRecord><record><header><identifier>oai:recercat.cat:2072/482625</identifier><datestamp>2025-04-03T11:56:56Z</datestamp><setSpec>com_2072_98</setSpec><setSpec>col_2072_378192</setSpec></header><metadata><record xmlns="http://www.loc.gov/MARC21/slim" xmlns:dcterms="http://purl.org/dc/terms/" xmlns:xsi="http://www.w3.org/2001/XMLSchema-instance" xmlns:doc="http://www.lyncode.com/xoai" xsi:schemaLocation="http://www.loc.gov/MARC21/slim http://www.loc.gov/standards/marcxml/schema/MARC21slim.xsd">
   <leader>00925njm 22002777a 4500</leader>
   <datafield ind2=" " ind1=" " tag="042">
      <subfield code="a">dc</subfield>
   </datafield>
   <datafield ind2=" " ind1=" " tag="720">
      <subfield code="a">Cappuccio, Laura</subfield>
      <subfield code="e">author</subfield>
   </datafield>
   <datafield ind2=" " ind1=" " tag="260">
      <subfield code="c">2014</subfield>
   </datafield>
   <datafield ind2=" " ind1=" " tag="520">
      <subfield code="a">El artículo analiza el proceso político y jurídico en torno al referéndum catalán del 9 de noviembre, examinando si puede considerarse efectivamente como un acto de votación. Se aborda inicialmente la Ley catalana n.º 4 de 2010 sobre el referéndum como el primer paso en este camino. A continuación, se profundiza en los debates sobre la independencia catalana, explorando las nociones de autodeterminación, derecho a decidir y secesión. El estudio también analiza las "cinco vías" propuestas por el Consejo para la Transición Nacional como estrategias hacia la independencia. Finalmente, se presta especial atención a la Ley catalana sobre consultas populares no referendarias, considerándola un tertium genus dentro del marco jurídico de participación ciudadana.</subfield>
   </datafield>
   <datafield ind1="8" ind2=" " tag="024">
      <subfield code="a">http://hdl.handle.net/2072/482625</subfield>
   </datafield>
   <datafield ind2="0" ind1="0" tag="245">
      <subfield code="a">Introduzione: la lunga e accidentata marcia della Catalogna verso una consultazione popolare sull'indipendenza</subfield>
   </datafield>
</record></metadata></record></GetRecord></OAI-PMH>